6 Bands on Z - Statistics

General Stats
  • This quiz has been taken 8 times
  • The average score is 2 of 6
Answer Stats
Answer % Correct
ZZ Top
88%
the Zombies
75%
the Zutons
25%
Zebrahead
13%
Zoé
13%
Zero 7
0%
No matching quizzes found
Score Distribution
Percent of People with Each Score
Percentile by Number Answered
Your Score History
You have not taken this quiz